000 00632nam a2200241 a 4500
001 nice12345678
003 IN_TiNIC
005 20260116012045.0
008 050524s1947 lona grs 000 0 elg
020 _a
_c100
082 0 0 _a225.48
_bMOU
100 _aMoulton, J H
245 _aIntroduction to the Study of New Testament Greek
260 _aLondon
_bEpworth Press
_c1947
300 _a260p
500 _aincludes index and biblioraphy
505 2 _aAlso Contains a First Reader in New Testament Greek.
650 _aBible N.T. Greek
700 1 _aMoulton, J H
902 _bSRS
942 _cPS
999 _c5462
_d5462